00866 2200301 4500001002100000005001700021008004100038020001800079035002400097082001200121090002200133110001900155245011600174260004200290300002300332440003000355650001400385700003100399700002300430850001500453985000600468999001500474999001500489999001500504999001500519999001500534999001500549YOGYA-0209000002981120090227024359.0 ind  a979-605-952-5 0010-020900000029811 a646.323 a646.432bTim BlT aTIM BUSANA GPU aBaju kembar ibu dan anak (dilengkapi dengan pola)cTim Busana GPU; Indriati Lystiani Hidayat, Intarina Hardiman aJakartabGramedia Pustaka Utamac1998 a8 hlmbilusc27 cm aSeri terampil menjahit; 1 aMode Bayi aHidayat, Indriani Lystiani aHardiman, Intarina aYOPDYOG(B) a6 a99P0002492 a99P0002493 a99P0002494 a00P0005832 a00P0005833 a00P0005834